00803nam a2200241Ia 450000500170000000800410001702000180005804000180007604100080009408200230010210000230012524500800014825000270022826000570025530000260031265000220033865000290036065000490038965000500043865000340048870000200052270000190054220240529142259.0210716s2006 xx 000 0 und d a9788131505243 cAIMIT LIBRARY aeng a658.8342 21bBLAR aBlackwell, Roger D aConsumer behavior /cBy Roger D Blackwell, Paul W Miniard and James F Engel a1st ed.bIndia Edition aNew Delhi :bCengage Learning India Pvt Ltd.,c2006. a784p. ;bPB :c24 cm. aConsumer Behavior aConsumer Decision Making aIndividual Determinants of Consumer Behavior aEnvironmental Influences on Consumer Behavior aInfluencing Consumer Behavior aMiniard, Paul W aEngel, James F